000 00462nam a2200157 4500
001 111096
003 ES-MaACL
007 t|
008 061121s1926 sp r ||||1| ger d
100 1 _aNagelschmidt, Franz.
_984843
245 1 0 _aLehrbuch der Diathermie für Arzte und Studierende /
_cvon Franz Nagelschidt.
250 _a3dr aufl.
260 _aBerlín :
_bJulius Springer,
_c1926.
300 _aVIII, 373 p. :
_bil ;
_c24 cm.
852 _aES-MaACL
_jB-6142
999 _c111096
_d111096